Регионална библиотека "Любен Каравелов" - Русе

Поп Богомил и съвършенството на страха (Запис номер 103825)

MARC детайли
000 -Лидер
Контролно поле с фиксирана дължина 01309nam a2200313 c 4500
003 - Код на организацията, давaща контролен номер
Контролно поле BLK
005 - Дата и час на последна редакция
Контролно поле 20231117115334.0
008 - Елементи от данни с фиксирана дължина
fixed length control field 180409b bul|||||r ||||||| ||bul||
010 ## - Наследен системен номер
LC control number KNG00108905000
020 ## - Международен стандартен номер на книга ISBN
Международен стандартен номер на книга ISBN 954-9612-08-2
-- издат.: Развитие
040 ## - Източник на каталожния запис
Идентификатор на билиотеката - собственик на записа BLK
041 ## - Код за език
Код за езика на текст/звукозапис или на отделно заглавие Български
Код за езика КДБФ Български
080 ## - УДК
Текстов определител УДК Българска литература
УДК код - определител по УДК 821.163.2
УДК определител -311.6
УДК - код + определител 821.163.2-311.6
100 1# - Редна дума - Автор
Автор Зарев, Владимир Пантелеев
Авторска отговорност първи автор
Автор - информация (биография) Пантев, Владимир Пантелеев
R(LIN) 277642
139 ## - Редно поле
Редна дума Зарев, Владимир Пантелеев
Авторски знак Зар - З 34
245 10 - Сведения за заглавието
Заглавие Поп Богомил и съвършенството на страха
Подзаглавни данни Роман
Редно поле (дума) Владимир Пантелеев Зарев.
257 ## - Страна на издаване
Страна на създаване/издаване България
260 ## - Област на издателските данни
-- София
Име на издателя, разпространителя и проч. Развитие
Година на издаване 1998
Печатница Хасково : Развитие
300 ## - Физическа характеристика
Страници 342 с.
Размери/Мащаб 20 см
380 ## - Жанр
Жанр Худож. лит.
500 ## - Общи забележки
Забележка Офс. изд. Кн. е носител на Специална награда от Нац. конкурс Развитие, І. 1997.
653 ## - Ключова дума – ненормативна
Ключова дума исторически романи
852 ## - Местоположение
Форматна сигнатура Цб 216651
856 4# - Електронен адрес и достъп
Електронен формат pdf - файл
Път до файла /url/
856 4# - Електронен адрес и достъп
Електронен формат pdf - файл
Път до файла /url/
942 ## - АРТИКУЛИ
Вид на библиотечния материал Книги
Скрит в OPAC Не
Koha issues (borrowed), all copies 1
944 ## - СЪЗДАВАНЕ И РЕДАКЦИЯ на ЗАПИСА
Създаване/Редакция Създаване
Дата на регистрацията/редакция 12.11.2003
Служител, извършил регистрацията/редакцията 30531
Статус, дата на статуса Цветелина Шанова
944 ## - СЪЗДАВАНЕ И РЕДАКЦИЯ на ЗАПИСА
Създаване/Редакция Редакция
Дата на регистрацията/редакция 08.06.2011
Служител, извършил регистрацията/редакцията
999 ## - СИСТЕМНИ КОНТРОЛНИ НОМЕРА
Koha biblionumber 103825
Koha biblioitemnumber 103825
Наличности
Код за отписване Код за изгубен артикул Код за повреда Коз за рестрикции Код за отдаване Артикулен № Име на библиотеката - собственик Име на библиотеката, в която се намира в момента Статус (Текущо местоположение) Дата на вписване в системата Местоположение - отдел Цена в лева Инвентарен номер Систематично азбучна сигнатура Баркод Номер на екземпляра Цена в евро Служебна бележка Служебен тип на артикула
Изтеглен Не е изгубен Не е повреден без рестрикции заемане за дома 167641 Регионална библиотека "Любен Каравелов" Русе Регионална библиотека "Любен Каравелов" Русе Заемна - подръчен фонд 2003-11-12 Заемна - подръчен фонд 4.70 120000679964 П 886.7-31/З 34 120000679964 1 2.40 Дост: DA Вид: А N: 27 Дата: 12.11.2003 Дата инв: 13.02.2018 Бележки инв: П2018 Книги
  Не е изгубен Не е повреден без рестрикции заемане за дома 167642 Регионална библиотека "Любен Каравелов" Русе Регионална библиотека "Любен Каравелов" Русе Заемна - подръчен фонд 2003-11-12 Заемна - подръчен фонд 4.70 120000679965 П 886.7-31/З 34 120000679965 2 2.40 Дост: DA Вид: А N: 27 Дата: 12.11.2003 Дата инв: 13.02.2018 Бележки инв: П2018 Книги
Изтеглен Не е изгубен Не е повреден без рестрикции заемане за дома 167643 Регионална библиотека "Любен Каравелов" Русе Регионална библиотека "Любен Каравелов" Русе Заемна - подръчен фонд 2003-11-12 Заемна - подръчен фонд 4.70 120000679966 П 886.7-31/З 34 120000679966 3 2.40 Дост: DA Вид: А N: 27 Дата: 12.11.2003 Дата инв: 13.02.2018 Бележки инв: П2018 Книги
  Не е изгубен Не е повреден без рестрикции ползва се в читалня 167644 Регионална библиотека "Любен Каравелов" Русе Регионална библиотека "Любен Каравелов" Русе Хранилище 2004-03-23 Хранилище 4.70 120000683905 Цб 216651 120000683905 4 2.40 Дост: Dp Вид: Д N: 20 Дата: 01.05.2003 Книги
Vip Innovations Ltd, Rousse, Bulgaria 2025